| Tag |
First Indicator |
Second Indicator |
Subfields |
| LEADER |
00000cam a2200000 4500 |
| 001 |
in00000061276 |
| 005 |
20151008051642.0 |
| 008 |
751029s1932 enk 00000 eng |
| 010 |
|
|
|a 32030884
|
| 035 |
|
|
|a (OCoLC)01745697
|
| 035 |
|
|
|9 AAG9205AM
|
| 040 |
|
|
|a DLC
|c TOL
|d TOL
|d TXA
|d UtOrBLW
|
| 049 |
|
|
|a TXAM
|c [253722]
|
| 050 |
0 |
0 |
|a HG1811
|b .H3
|
| 092 |
|
|
|a 332.04
|b H399a
|
| 100 |
1 |
|
|a Hawtrey, R. G.
|q (Ralph George),
|d 1879-1975.
|
| 245 |
1 |
4 |
|a The art of central banking /
|c by R. G. Hawtrey ...
|
| 264 |
|
1 |
|a London,
|a New York [etc.] :
|b Longmans, Green and co.,
|c 1932.
|
| 300 |
|
|
|a xii, 464 pages ;
|c 23 cm.
|
| 336 |
|
|
|a text
|b txt
|2 rdacontent
|
| 337 |
|
|
|a unmediated
|b n
|2 rdamedia
|
| 338 |
|
|
|a volume
|b nc
|2 rdacarrier
|
| 505 |
0 |
|
|a French monetary policy. Speculation and collapse in Wall street. Consumers' income and outlay. The art of central banking. Money and index numbers. Mr. Keynes's Treatise on money. International short-term investment. Remedies for unemployment.
|
| 650 |
|
0 |
|a Banks and banking, Central.
|
| 650 |
|
0 |
|a Currency question.
|
| 650 |
|
0 |
|a Economic history
|y 1918-1945.
|
| 999 |
|
|
|a MARS
|
| 999 |
f |
f |
|s fed0e914-1cc9-3a02-b8df-29caf39f742a
|i 42df5bd6-c37d-38a3-a45c-b6b979ad7530
|t 0
|
| 952 |
f |
f |
|p ric
|a Texas A&M University
|b Rellis Campus
|c Joint Library Facility
|d Remote Storage
|t 0
|e HG1811 .H3
|h Library of Congress classification
|i unmediated -- volume
|m A14800727552
|
| 998 |
f |
f |
|a HG1811 .H3
|t 0
|l Remote Storage
|